A hónap könyve
Elmentve itt :
| Szerző: | |
|---|---|
| Dokumentumtípus: | Cikk |
| Megjelent: |
2007-04-19
|
| Sorozat: | Délmagyarország
97 No. 91 |
| Kulcsszavak: | Szeged, Közgyűjtemény könyvtár Szeged, Hónap könyve, Somogyi-könyvtár (Szeged) |
| Online Access: | http://dmarchiv.bibl.u-szeged.hu/138025 |
| LEADER | 00515nab a2200157 i 4500 | ||
|---|---|---|---|
| 001 | delm138025 | ||
| 005 | 20200108083938.0 | ||
| 008 | 200108s2007 hu o 0|| hun d | ||
| 040 | |a SZTE Délmagyarország Archívum |b hun | ||
| 041 | |a hun | ||
| 100 | 1 | |a Kulcsár Marianna | |
| 245 | 1 | 2 | |a A hónap könyve |h [elektronikus dokumentum] / |c Kulcsár Marianna |
| 260 | |c 2007-04-19 | ||
| 300 | |a 6 | ||
| 490 | 0 | |a Délmagyarország |v 97 No. 91 | |
| 695 | |a Szeged, Közgyűjtemény könyvtár Szeged, Hónap könyve, Somogyi-könyvtár (Szeged) | ||